000 00861nas a2200289 4500
001 BR2016002175
003 BR-BrBNA
005 20231205130435.0
007 ta
008 230509b bl.|||p| |||| 00| 00por d
040 _aBR-BrBNA
_bpor
_cBiblioteca Nacional de Agricultura
041 _a(Pt)
072 _aL73
100 1 _aMagalhães, G.M.
100 1 _aSantilli, J.
100 1 _aCalazans, S.G.
100 1 _aNishimura, L.T.
100 1 _aCerejo, S. de A.
100 1 _aDias, F.G.G.
245 1 _aFibrossarcoma primário em intestino delgado de cão - relato de caso
650 _aCAO
650 _aNEOPLASIA
650 _aINTESTINO
773 0 _tRevista Brasileira de Medicina Veterinária (Brazil)
_xISSN 0100-2430
_g(Apr-Jun 2015), v. 37(2) p. 145-148
_wBR2016002175
909 _a202311
_bLúcia
_c55
_dLúcia Elande
942 _2AGRIS
_n0
_cANA
999 _c249462
_d249462